NBA Best Defenders Of All-Time - Statistics

General Stats
  • This quiz has been taken 342 times
  • The average score is 12 of 20
Answer Stats
# Answer % Correct
6 Michael Jordan
91%
1 Hakeem Olajuwon
88%
18 LeBron James
74%
7 Tim Duncan
74%
2 Bill Russell
72%
3 Dennis Rodman
71%
4 Scottie Pippen
70%
8 Ben Wallace
68%
16 Rudy Gobert
67%
13 Wilt Chamberlain
66%
10 Gary Payton
65%
17 Kobe Bryant
65%
9 David Robinson
64%
15 Kareem Abdul-Jabbar
60%
11 Dwight Howard
53%
14 Kawhi Leonard
53%
5 Kevin Garnett
52%
19 Sidney Moncrief
22%
12 Dikembe Mutumbo
17%
20 Michael Cooper
12%
No matching quizzes found
Score Distribution
Percent of People with Each Score
Percentile by Number Answered
Your Score History
You have not taken this quiz